| 000 | 00385nam a2200097Ia 4500 | ||
|---|---|---|---|
| 008 | 171204s9999 xx 000 0 und d | ||
| 245 | _aBuilding E-Commerce Solutions with WooCommerce: Robbert Ravensbergen | ||
| 260 | _c2015 | ||
| 650 | _xE-Business/Multimedia Solutions | ||
| 856 | _uhttp://down.ebook777.com/015/Building%20E-Commerce%20Solutions%20with%20WooCommerce,%202nd%20Edition.pdf | ||
| 999 |
_c347142 _d347142 |
||